书目信息 |
| 书名: | Counting Coup and Cutting Horses | |
| 作者: | Anthony McGinnis. | |
| 分册号: | ||
| 分册名: | 出版地: | EVERGREEN : |
|
| 出版社: | Cordillera Press,Inc | |
| 出版时间: | 1990. | |
| 页数: | 258 p. ; | |
| 开本: | 20cm. | |
| 丛书名: | ||
| 中图分类号: | ||
| 科图分类号: | ||
| 其他分类号: | K712.8 | |
| 主题词: | ||
| 电子资源: | ||
| 000 | 00485nam 2200157 a 4500 | |
| 001 | E0254381445 | |
| 005 | 2002040515062118 | |
| 008 | 020405s1990 00010 eng | |
| 020 | @a0-917895-29-0 :@cRMB 12.00. | |
| 040 | @aPFT@beng | |
| 090 | @aK712.8 | |
| 099 | @dK712.8@eG492 | |
| 245 | @aCounting Coup and Cutting Horses :@bIntertribal Warfare on the Northern Plains / @cAnthony McGinnis. | |
| 250 | @a1st ed. | |
| 260 | @aEVERGREEN :@bCordillera Press,Inc.,@c1990. | |
| 300 | @a258 p. ;@c20cm. | |
| Counting Coup and Cutting Horses : : Intertribal Warfare on the Northern Plains / / Anthony McGinnis.-1st ed.-EVERGREEN : : Cordillera Press,Inc., , 1990. |
| 258 p. ; ; 20cm. |
| ISBN 0-917895-29-0 :RMB 12.00. |
| ● |
| 相关链接 |
|
|
|
正题名:Counting Coup and Cutting Horses
索取号:K712.8/G492
 
预约/预借
| 序号 | 登录号 | 条形码 | 馆藏地/架位号 | 状态 | 备注 |
| 1 | 02918 | 300029181 | 社科库309/309社科库 995排1列3层/ [索取号:K712.8/G492] | 在馆 | |
| 2 | 04177 | 300041773 | 社科库309/309社科库 995排1列3层/ [索取号:K712.8/G492] | 在馆 |